| 000 | 00679nam a2200217Ia 4500 | ||
|---|---|---|---|
| 003 | GCL | ||
| 008 | 140319s9999 xx 000 0 ara d | ||
| 040 |
_aGCL / _cGCL |
||
| 082 | 0 | 4 |
_a342 _bع ش |
| 100 | 1 | _aعبدالحميد متولى | |
| 245 | 1 | 0 |
_aالشريعة الاسلامية: كمصدر اساسى للدستور / _cعبدالحميد متولى |
| 700 | 1 | _aعبدالحليم محمود | |
| 260 |
_a[S.N] : _bمنشاة المعارف ، _c1990 |
||
| 300 | _a334 ص | ||
| 490 | _a | ||
| 650 | 0 | 4 | _aالقانون |
| 650 | 0 | 4 | _aالشريعة الاسلامية |
| 650 | 0 | 4 | _aالدستور |
| 650 | 0 | 4 | _aالقانون الدستورى |
| 942 |
_2ddc _cBK |
||
| 999 |
_c27935 _d27935 |
||